000
00346nam a2200157Ia 4500
008
210210b1951 xxu||||| |||| 00| 0 eng d
041
_a
eng
082
_a
874/49
100
_a
NAIR (S K)
245
_a
Samskara kedaram
260
_a
_b
-
_c
1951
650
_a
Samskara
650
_a
kedaram
690
_a
Malayalam Criticism
906
_a
002629
999
_c
110719
_d
110719